The Yenan way

Đã lưu trong:
Sonraí Bibleagrafaíochta
Príomhúdar: Ravines, Eudocio
Formáid: Leabhar
Teanga:Undetermined
Foilsithe: New York Charles Scribner's Sons 1951
Ábhair:
Clibeanna: Cuir Clib Leis
Gan Chlibeanna, Bí ar an gcéad duine leis an taifead seo a chlibeáil!
Thư viện lưu trữ: Trung tâm Học liệu Trường Đại học Cần Thơ
LEADER 00489nam a2200193Ia 4500
001 CTU_86812
008 210402s9999 xx 000 0 und d
082 |a 335.4 
082 |b R256 
100 |a Ravines, Eudocio 
245 4 |a The Yenan way 
245 0 |c Eudocio Ravines 
260 |a New York 
260 |b Charles Scribner's Sons 
260 |c 1951 
650 |a Communism 
650 |z Latin america 
904 |i Mai Loan 
980 |a Trung tâm Học liệu Trường Đại học Cần Thơ